000 00565nam a2200193Ia 4500
005 20260114185636.0
008 008 260114s9999 xx 000 0 eng d
020 _a9780755621828
037 _aEBOOK
040 _aCRL
_beng
_cCRL
041 _aeng
_2eng
084 _qCRL
100 _aCaroline Dakers
_9872593
245 0 _aForever England The Countryside at War 1914-1918
260 _bBloomsbury
_c2015
856 _uhttps://doi.org/10.5040/9780755621828?locatt=label:secondary_bloomsburyCollections
942 _cEBOOK
999 _c1471541
_d1471541